[Event "2nd President's Cup"]
[Site "Baku AZE"]
[Date "2007.05.10"]
[Round "8"]
[White "Guseinov,G"]
[Black "Sanikidze,T"]
[Result "1-0"]
[WhiteElo "2586"]
[BlackElo "2426"]
[EventDate "2007.05.03"]

1. e4 c5 2. Nc3 d6 3. d4 cxd4 4. Qxd4 a6 5. Bg5 Nc6 6. Qd2 Nf6 7. f4 e6 8.
Nf3 Be7 9. O-O-O O-O 10. Qe1 Qc7 11. Kb1 Rd8 12. Bd3 Nb4 13. a3 Nxd3 14.
Rxd3 Ne8 15. f5 Bxg5 16. Nxg5 Qe7 17. Qg3 h6 18. Nf3 exf5 19. Nd5 Qf8 20.
Qh4 Be6 21. Ne7+ Kh8 22. exf5 Bd7 23. Re1 Bc6 24. Nd4 Bd7 25. g4 Nf6 26. g5
Nh7 27. g6 Nf6 28. gxf7 Qxf7 29. Ng6+ Kg8 30. Re7 Qd5 31. Rg3 Qh1+ 32. Ka2
Re8 33. Rxg7+ Kxg7 34. Ne5+ Kh7 35. Qxf6 Qd5+ 36. c4 1-0

[Event "2nd President's Cup"]
[Site "Baku AZE"]
[Date "2007.05.10"]
[Round "8"]
[White "Balogh,C"]
[Black "Magalashvili,D"]
[Result "1-0"]
[WhiteElo "2617"]
[BlackElo "2474"]
[EventDate "2007.05.03"]

1. e4 c5 2. Nf3 d6 3. Nc3 a6 4. d4 cxd4 5. Nxd4 Nf6 6. h3 e6 7. g4 Nc6 8.
Bg2 Qc7 9. f4 Nd7 10. Be3 Be7 11. g5 b5 12. Nxc6 Qxc6 13. Qd4 O-O 14. a4
Rb8 15. axb5 axb5 16. O-O b4 17. Na2 Qb5 18. f5 Ba6 19. Nxb4 Qxb4 20. Qxb4
Rxb4 21. Rxa6 Rxb2 22. f6 gxf6 23. gxf6 Bxf6 24. Rxd6 Rb7 25. Rxd7 Rxd7 26.
Rxf6 Rc8 27. Rf2 Rdc7 28. Bd4 Rxc2 29. Rf3 Kf8 30. Bf6 Rd2 31. Rg3 Rc1+ 32.
Kh2 Rcc2 33. e5 h5 34. h4 Re2 35. Kh3 Rcd2 36. Bg5 Rc2 37. Bf6 Rcd2 38. Rc3
Rc2 39. Rd3 Red2 40. Rxd2 Rxd2 41. Bf3 Rd3 42. Kg3 Rd4 43. Bxh5 Kg8 44. Bg4
Kh7 45. h5 Kh6 46. Be7 Re4 47. Bd6 Rd4 48. Bf8+ Kh7 49. h6 Rd8 50. Bg7 Rg8
51. Kf4 Rd8 52. Bf3 1-0

[Event "2nd President's Cup"]
[Site "Baku AZE"]
[Date "2007.05.10"]
[Round "8"]
[White "Guliev,L"]
[Black "Rustemov,A"]
[Result "1/2-1/2"]
[WhiteElo "2466"]
[BlackElo "2557"]
[EventDate "2007.05.03"]

1. e4 e6 2. d4 d5 3. Nc3 dxe4 4. Nxe4 Bd7 5. Nf3 Bc6 6. Bd3 Nd7 7. O-O Ngf6
8. Ng3 Be7 9. c4 Bxf3 10. Qxf3 c6 11. b3 O-O 12. Bb2 Re8 13. Rad1 Nf8 14.
Rfe1 Ng6 15. Bc3 Qc7 16. Bxg6 hxg6 17. h4 Rad8 18. h5 g5 19. h6 Qf4 20.
hxg7 Qxf3 21. gxf3 Kxg7 22. d5 cxd5 23. cxd5 Kg6 24. dxe6 Rxd1 25. Rxd1
fxe6 26. Bxf6 Bxf6 27. Ne4 Rd8 28. Rxd8 Bxd8 29. Nc5 b5 30. Nxe6 Bb6 31.
Kg2 Kf6 32. Nf8 Kf7 33. Nd7 Bd4 34. f4 gxf4 35. Kf3 Ke6 36. Ke4 Bxf2 37.
Ne5 Kd6 38. Nd3 Be3 39. a4 a6 40. Nb4 a5 41. Nd5 bxa4 42. bxa4 Bd2 43. Nxf4
Kc5 44. Nd5 Bg5 45. Ne3 Kb4 46. Kd3 Bxe3 47. Kxe3 Kxa4 48. Kd2 Kb3 49. Kc1
1/2-1/2

[Event "2nd President's Cup"]
[Site "Baku AZE"]
[Date "2007.05.10"]
[Round "8"]
[White "Savchenko,S"]
[Black "Andreev,Ed UKR"]
[Result "1-0"]
[WhiteElo "2545"]
[BlackElo "2433"]
[EventDate "2007.05.03"]

1. d4 Nf6 2. c4 e6 3. Nf3 c5 4. d5 exd5 5. cxd5 d6 6. e4 a6 7. Bd3 g6 8.
O-O Bg7 9. h3 O-O 10. a4 Nbd7 11. Bf4 Qe7 12. Nc3 Nh5 13. Bh2 Ne5 14. Be2
Nf6 15. Bxe5 dxe5 16. Nd2 Ne8 17. Nc4 Nd6 18. Nxd6 Qxd6 19. a5 Bd7 20. Na4
Bxa4 21. Qxa4 Rfb8 22. Ra3 b5 23. axb6 Rxb6 24. b3 Bf6 25. Bc4 a5 26. Raa1
h5 27. Qa2 Rb4 28. Qc2 Kg7 29. Ra4 Bd8 30. Qc3 Ra7 31. f4 Bf6 32. f5 Qb6
33. Qf3 Rxa4 34. bxa4 Ra8 35. Kh1 Rb8 36. Bb5 Rh8 37. Qd3 Qd6 38. Qd2 Ra8
39. Bc6 Ra6 40. Qb2 Ra7 41. Qb6 Qc7 42. Qxc5 Be7 43. Qf2 f6 44. fxg6 Ra6
45. Qe2 1-0

[Event "2nd President's Cup"]
[Site "Baku AZE"]
[Date "2007.05.10"]
[Round "8"]
[White "Miezis,N"]
[Black "Morchiashvili,B"]
[Result "0-1"]
[WhiteElo "2521"]
[BlackElo "2396"]
[EventDate "2007.05.03"]

1. c4 Nf6 2. Nc3 c5 3. e4 Nc6 4. g3 e6 5. f4 d5 6. e5 d4 7. exf6 dxc3 8.
bxc3 Qxf6 9. Nf3 Bd6 10. Bg2 O-O 11. O-O Bd7 12. Ng5 Qd8 13. Qe2 Be7 14. d3
Rc8 15. Rb1 Bxg5 16. fxg5 b6 17. Be4 Ne7 18. Qh5 g6 19. Qf3 e5 20. Rb2 Bc6
21. h4 Qd7 22. h5 Bxe4 23. Qxe4 Nf5 24. Rf3 Qc6 25. Re2 Qxe4 26. Rxe4 Rfe8
27. Re1 Rcd8 28. g4 Nd6 29. Rf6 e4 30. Kf2 Re6 31. Rxe6 fxe6 32. Ke3 exd3
33. Kxd3 Kf7 34. Bf4 Nb7+ 35. Ke4 Na5 36. hxg6+ Kxg6 37. Rh1 Nxc4 38. Rh6+
Kg7 39. Rxe6 Rd7 40. a4 Kf7 41. Rf6+ Kg7 42. Rc6 Kf7 43. Bb8 Nd2+ 44. Kf5
Rd5+ 45. Kf4 Rd7 46. a5 bxa5 47. Rxc5 Nb3 48. Rc6 a4 49. Be5 a5 50. Rc4 Rd5
51. Bd4 a3 52. Ra4 a2 53. Rxa2 Nxd4 54. cxd4 Rxd4+ 55. Kg3 Rd5 56. Kh4 Kg6
57. Rc2 Rd6 58. Ra2 Ra6 59. Ra4 Ra7 60. Kh3 Kxg5 61. Kg3 Ra8 62. Kh3 Kf6
63. Kh4 Ke5 64. Kg5 Ra6 65. Ra1 a4 66. Re1+ Kd4 67. Re7 a3 68. Rd7+ Ke5 69.
Re7+ Kd6 70. Rxh7 Ra5+ 71. Kf6 a2 72. Rh1 a1=Q+ 73. Rxa1 Rxa1 74. g5 Rf1+
75. Kg7 Ke7 76. g6 Rg1 77. Kh7 Kf6 0-1

[Event "2nd President's Cup"]
[Site "Baku AZE"]
[Date "2007.05.10"]
[Round "8"]
[White "Mamedjarova,Z"]
[Black "Zinchenko,Ya"]
[Result "1-0"]
[WhiteElo "2354"]
[BlackElo "2513"]
[EventDate "2007.05.03"]

1. d4 Nf6 2. c4 g6 3. Nf3 Bg7 4. g3 O-O 5. Bg2 d5 6. O-O Nc6 7. cxd5 Nxd5
8. Nc3 Nb6 9. d5 Na5 10. e4 c6 11. dxc6 Nxc6 12. Bf4 Be6 13. Qc1 Rc8 14.
Rd1 Qe8 15. Bh6 f6 16. Bxg7 Kxg7 17. Qe3 Qf7 18. b3 Rfd8 19. h3 Nb4 20. Rd2
Rxd2 21. Qxd2 Nc6 22. Nb5 a6 23. Nbd4 Bd7 24. e5 fxe5 25. Nxc6 Bxc6 26.
Nxe5 Qf6 27. Re1 Bxg2 28. Ng4 Qd6 29. Qb2+ Kf7 30. Kxg2 Rf8 31. Kg1 Nd7 32.
Qe2 Nf6 33. Ne5+ Kg8 34. Nc4 Qd7 35. Qe6+ Qxe6 36. Rxe6 Nd5 37. Na5 b6 38.
Nc4 Kf7 39. Rc6 Rb8 40. a3 Ke8 41. Kg2 Kd7 42. Ne5+ Kd8 43. Kf3 Rc8 44. Ke4
Nc3+ 45. Kd3 Nd1 46. Rxb6 Nxf2+ 47. Kd4 Nxh3 48. Rxa6 Ng5 49. b4 Rc1 50. b5
Rd1+ 51. Kc5 Ne4+ 52. Kb6 e6 53. Ra7 h5 54. Nc6+ Ke8 55. Re7+ Kf8 56. Rxe6
Nxg3 57. Rxg6 h4 58. a4 Nh5 59. Rg4 Rh1 60. a5 Nf6 61. a6 Nd5+ 62. Kc5 Nc7
63. a7 Rb1 64. Nd4 h3 65. Rh4 Ra1 66. b6 Rc1+ 67. Kd6 Ne8+ 68. Kd5 Ra1 69.
Rxh3 Ke7 70. Rh7+ Kf8 71. Rh8+ Ke7 72. Rxe8+ Kxe8 73. b7 Ra5+ 74. Kd6 Ra6+
75. Nc6 1-0

[Event "2nd President's Cup"]
[Site "Baku AZE"]
[Date "2007.05.10"]
[Round "8"]
[White "Burmakin,V"]
[Black "Laciner,K"]
[Result "1-0"]
[WhiteElo "2593"]
[BlackElo "2304"]
[EventDate "2007.05.03"]

1. d4 Nf6 2. Nf3 g6 3. Bf4 Bg7 4. e3 O-O 5. Be2 d6 6. h3 c5 7. c3 b6 8. O-O
Bb7 9. Nbd2 Nbd7 10. Bh2 Rc8 11. Qb3 Rc7 12. a4 a6 13. Rfd1 Qa8 14. c4 cxd4
15. exd4 a5 16. Qa3 Nb8 17. b4 Nc6 18. b5 Nb4 19. Rac1 Rfc8 20. d5 Bh6 21.
Qb2 Nd7 22. Nd4 Nc5 23. Qa3 Ne4 24. Nxe4 Bxc1 25. Rxc1 Bxd5 26. Nxd6 exd6
27. Bxd6 Rd7 28. Qg3 Rxd6 29. Qxd6 Bxg2 30. Rc3 Be4 31. Re3 Qb7 32. Qe5 Bc2
33. Qf6 Be4 34. Bf3 Re8 35. Nc6 Bxc6 36. Bxc6 1-0

[Event "2nd President's Cup"]
[Site "Baku AZE"]
[Date "2007.05.10"]
[Round "8"]
[White "Shanava,K"]
[Black "Chigladze,I"]
[Result "1-0"]
[WhiteElo "2532"]
[BlackElo "2346"]
[EventDate "2007.05.03"]

1. e4 Nf6 2. d3 e5 3. f4 Nc6 4. fxe5 Nxe5 5. Nf3 Nxf3+ 6. Qxf3 d6 7. Nc3
Be7 8. Bd2 c6 9. h3 O-O 10. O-O-O d5 11. exd5 Nxd5 12. Nxd5 cxd5 13. d4 Be6
14. Bd3 b5 15. g4 b4 16. h4 a5 17. g5 a4 18. Rde1 Qb6 19. Kb1 Rab8 20. Rh2
b3 21. cxb3 axb3 22. a3 Rfc8 23. Rhe2 Rc6 24. h5 Rbc8 25. g6 Bf6 26. gxf7+
Bxf7 27. Qf5 g6 28. Qd7 Qxd4 29. Re8+ 1-0

[Event "2nd President's Cup"]
[Site "Baku AZE"]
[Date "2007.05.10"]
[Round "8"]
[White "Shengelia,D"]
[Black "Namazov,F"]
[Result "1-0"]
[WhiteElo "2523"]
[BlackElo "2058"]
[EventDate "2007.05.03"]

1. d4 d5 2. Nf3 e6 3. c4 Nf6 4. e3 c5 5. cxd5 exd5 6. Bb5+ Bd7 7. Bxd7+
Nbxd7 8. dxc5 Bxc5 9. O-O O-O 10. Nc3 Nb6 11. b3 Qe7 12. a4 Rfd8 13. Bb2
Rac8 14. Nb5 Nbd7 15. Nbd4 Bxd4 16. Nxd4 Ne5 17. Qe2 Nc6 18. Rac1 Nxd4 19.
Bxd4 b6 20. Rc2 Qe6 21. Rfc1 Qf5 22. h3 Rxc2 23. Qxc2 Qxc2 24. Rxc2 Ne8 25.
b4 f6 26. a5 bxa5 27. bxa5 a6 28. Bb6 Rb8 29. Rd2 Nd6 30. Rxd5 Nc4 31. Bd4
Rb4 32. Rc5 Ra4 33. Bc3 Nd6 34. Rc6 Ne4 35. Be1 Ra1 36. Kf1 Nd2+ 37. Ke2
Nb3 38. Rxa6 Nc1+ 39. Kf3 Nd3 40. Bc3 Ra2 41. Rd6 Ne5+ 42. Bxe5 1-0

[Event "2nd President's Cup"]
[Site "Baku AZE"]
[Date "2007.05.10"]
[Round "8"]
[White "Agayev,N"]
[Black "Paichadze,L"]
[Result "0-1"]
[WhiteElo "2306"]
[BlackElo "2392"]
[EventDate "2007.05.03"]

1. d4 Nf6 2. Bg5 e6 3. e4 Be7 4. Bd3 d6 5. Nf3 Nbd7 6. Nc3 e5 7. O-O O-O 8.
h3 c6 9. Qd2 Re8 10. Rad1 a6 11. a4 Qc7 12. Rfe1 b6 13. b4 Bb7 14. Na2 h6
15. Bh4 Bf8 16. Bg3 Rad8 17. c3 c5 18. d5 c4 19. Bf1 b5 20. a5 g6 21. Nh2
Kh7 22. Nc1 Bg7 23. f3 Rf8 24. Bf2 Ng8 25. g3 f5 26. Bg2 Rf7 27. Rf1 Rdf8
28. g4 Bf6 29. Ne2 Bg5 30. Be3 f4 31. Bf2 Qd8 32. Qe1 Be7 33. h4 Ngf6 34.
Kh1 Ne8 35. Ng1 Ng7 36. Nh3 Bc8 37. Rg1 Nf6 38. Bb6 Qe8 39. Bf1 Ng8 40. Rd2
Bd7 41. Rgg2 Qc8 42. Ng1 Nf6 43. Ne2 Nxe4 44. fxe4 f3 45. Rf2 Bxh4 46. Ng1
Bxg4 47. Nxg4 Qxg4 48. Bh3 Qh5 49. Qf1 g5 50. Rh2 g4 51. Bf2 Bg5 52. Rd1
Bf4 0-1

[Event "2nd President's Cup"]
[Site "Baku AZE"]
[Date "2007.05.10"]
[Round "8"]
[White "Lomsadze,D"]
[Black "Durarbeyli,V"]
[Result "1/2-1/2"]
[WhiteElo "2268"]
[BlackElo "2368"]
[EventDate "2007.05.03"]

1. e4 c5 2. Nc3 e6 3. f4 d5 4. Nf3 Nf6 5. e5 Nfd7 6. g3 Nc6 7. Bg2 Be7 8.
O-O O-O 9. d4 f6 10. exf6 Nxf6 11. Kh1 cxd4 12. Ne2 Qb6 13. Nexd4 Ne4 14.
c3 Bc5 15. b4 Bxd4 16. cxd4 Qxb4 17. a4 Rd8 18. Ba3 Qc3 19. Ng5 Nxg5 20.
fxg5 Qxd4 21. Qf3 Bd7 22. Rad1 Qe5 23. Qf7+ Kh8 24. g6 Qh5 25. Bb2 Qxg6 26.
h4 Qxg3 27. Rd3 Qg6 28. h5 Qxf7 29. Rxf7 d4 30. Rg3 Ne5 31. Rf4 Nc4 32.
Bxd4 e5 33. Bc3 Be6 34. h6 g6 35. Bxb7 Rab8 36. Ba6 Rb1+ 37. Kh2 Nb6 38.
Bxe5+ Kg8 39. Bg7 Nd5 40. Rd4 Rb2+ 41. Rg2 Rdb8 42. Rxb2 Rxb2+ 43. Kg3 Rb3+
44. Kf2 Rb2+ 45. Ke1 Rb1+ 46. Kd2 Kf7 47. Bc4 Nb6 48. Rf4+ Ke7 49. Bf8+ Kd7
50. Rd4+ Ke8 51. Bxe6 Kxf8 52. a5 Ke7 1/2-1/2

[Event "2nd President's Cup"]
[Site "Baku AZE"]
[Date "2007.05.10"]
[Round "8"]
[White "Guseinov,El"]
[Black "Badalov,S"]
[Result "0-1"]
[WhiteElo "2457"]
[BlackElo "2245"]
[EventDate "2007.05.03"]

1. d4 d5 2. Nf3 c5 3. g3 Nc6 4. Bg2 Nf6 5. O-O e6 6. c4 cxd4 7. Nxd4 Bd7 8.
Nc3 Qb6 9. Ndb5 dxc4 10. Be3 Qa5 11. Bf4 e5 12. Bg5 O-O-O 13. a4 Be6 14.
Qc1 Be7 15. e3 h6 16. Bxf6 gxf6 17. Na3 h5 18. Qc2 f5 19. Qe2 Rd3 20. Rfc1
e4 21. Ncb5 Ne5 22. b3 h4 23. Nxc4 Bxc4 24. Qb2 Bf6 25. Rxc4+ Kb8 26. Rd4
hxg3 27. Qa3 gxf2+ 28. Kf1 Rd8 29. Rc1 R3xd4 30. exd4 Nd3 31. Rc3 Bxd4 0-1

[Event "2nd President's Cup"]
[Site "Baku AZE"]
[Date "2007.05.10"]
[Round "8"]
[White "Mammadov,A"]
[Black "Sulashvili,M"]
[Result "1/2-1/2"]
[WhiteElo "2225"]
[BlackElo "2439"]
[EventDate "2007.05.03"]

1. e4 c6 2. d4 d5 3. Nc3 dxe4 4. Nxe4 Bf5 5. Ng3 Bg6 6. h4 h6 7. Nf3 Nd7 8.
h5 Bh7 9. Bd3 Bxd3 10. Qxd3 e6 11. Bd2 Qc7 12. O-O-O O-O-O 13. Rh4 Ngf6 14.
c4 Bd6 15. Ne2 c5 16. d5 exd5 17. cxd5 Kb8 18. Nc3 a6 19. Qf5 Rhe8 20. g4
Ne5 21. g5 Nxh5 22. Nxe5 Rxe5 23. Qh3 g6 24. gxh6 Rf5 25. Qxf5 gxf5 26.
Rxh5 Rh8 27. Rxf5 Qd7 28. Rg5 Qh3 29. Ne4 Bf8 30. Bc3 Bxh6 31. Bxh8 Bxg5+
32. Nxg5 Qxh8 33. d6 Qf6 34. Nxf7 Qf4+ 35. Kb1 Qe4+ 36. Kc1 Qf4+ 37. Kb1
Qe4+ 38. Kc1 Qc4+ 39. Kb1 Qe2 40. Kc1 Qc4+ 1/2-1/2

[Event "2nd President's Cup"]
[Site "Baku AZE"]
[Date "2007.05.10"]
[Round "8"]
[White "Melia,S"]
[Black "Mammadov,F"]
[Result "1-0"]
[WhiteElo "2396"]
[BlackElo "2222"]
[EventDate "2007.05.03"]

1. e4 d6 2. d4 Nf6 3. Nc3 g6 4. Nf3 Bg7 5. Bc4 O-O 6. O-O Bg4 7. h3 Bxf3 8.
Qxf3 Nc6 9. Qe3 e5 10. dxe5 Nxe5 11. Bb3 Nc6 12. Rd1 Nd7 13. a3 Kh8 14. Bd5
f5 15. exf5 Rxf5 16. Be4 Rf8 17. Qg3 Nf6 18. Bf3 Qd7 19. Be3 Ne7 20. Bg4
Nf5 21. Bxf5 Qxf5 22. Rd2 Rae8 23. Qh4 Ne4 24. Rd5 Qf7 25. Rd3 Nxc3 26.
bxc3 Qf5 27. Bd4 Re4 28. Qg3 Rf4 29. Rf1 Be5 30. Qe3 Re4 31. Bxe5+ Qxe5 32.
Qxa7 Re1 33. Qd4 Re2 34. Qxe5+ dxe5 35. Rd7 Rxc2 36. Rxc7 Ra2 37. Rxb7 Rxa3
38. Rd1 1-0

[Event "2nd President's Cup"]
[Site "Baku AZE"]
[Date "2007.05.10"]
[Round "8"]
[White "Zozulia,A"]
[Black "Agasiyev,Ka"]
[Result "1-0"]
[WhiteElo "2344"]
[BlackElo "2194"]
[EventDate "2007.05.03"]

1. e4 c5 2. Nf3 e6 3. d4 cxd4 4. Nxd4 Nc6 5. Nc3 Qc7 6. Be3 Nf6 7. Be2 Bb4
8. Ndb5 Qb8 9. a3 Be7 10. O-O O-O 11. f4 a6 12. Nd4 Bc5 13. Kh1 Qa7 14.
Nxc6 dxc6 15. Bxc5 Qxc5 16. e5 Nd5 17. Ne4 Qb6 18. Rf3 Rd8 19. Rd3 Bd7 20.
Qd2 Qxb2 21. Rd1 b5 22. Rb3 Qa2 23. Nc3 Nxc3 24. Qxc3 c5 25. Ra1 b4 26.
axb4 cxb4 27. Rxb4 1-0

[Event "2nd President's Cup"]
[Site "Baku AZE"]
[Date "2007.05.10"]
[Round "8"]
[White "Mammadova,G"]
[Black "Davidov,S"]
[Result "1-0"]
[WhiteElo "2201"]
[BlackElo "2326"]
[EventDate "2007.05.03"]

1. e4 e5 2. Nf3 Nc6 3. Bc4 Nf6 4. d3 Be7 5. O-O O-O 6. c3 d5 7. exd5 Nxd5
8. h3 Bf5 9. Re1 Bf6 10. Na3 a6 11. Bb3 Nf4 12. Bxf4 exf4 13. d4 b5 14. Nd2
b4 15. Nac4 bxc3 16. bxc3 g5 17. Ne4 Bg7 18. Qf3 h6 19. Rad1 Ne7 20. Ne5
Ng6 21. Nxg6 Bxg6 22. Nc5 Qd6 23. Re2 Kh7 24. Rde1 Bf5 25. Bxf7 c6 26. Bc4
Qg6 27. Bd3 Bxd3 28. Qxd3 Qxd3 29. Nxd3 f3 30. Re7 fxg2 31. Kxg2 Kg8 32.
R1e6 Rac8 33. Ne5 Bf6 34. Ra7 Bxe5 35. Rg6+ Kh8 36. Rxh6+ Kg8 37. Rg6+ Kh8
38. dxe5 Rf5 39. e6 Rcf8 40. e7 Rxf2+ 41. Kg3 R2f3+ 42. Kg4 R3f4+ 43. Kh5
Re8 44. Kxg5 Rf3 45. Rd7 Kh7 46. Rf6 Re3 47. Rxc6 1-0

[Event "2nd President's Cup"]
[Site "Baku AZE"]
[Date "2007.05.10"]
[Round "8"]
[White "Rzayev,B"]
[Black "Husseinov,S"]
[Result "1-0"]
[WhiteElo "2054"]
[BlackElo "2209"]
[EventDate "2007.05.03"]

1. e4 Nf6 2. e5 Nd5 3. c4 Nb6 4. c5 Nd5 5. Nc3 e6 6. d4 Nxc3 7. bxc3 d6 8.
cxd6 cxd6 9. Nf3 Nc6 10. Bf4 Be7 11. Bd3 dxe5 12. Nxe5 Qa5 13. O-O Qxc3 14.
Rc1 Qxd4 15. Bb5 Qxf4 16. Nxc6 f6 17. Ne5+ Kf8 18. Qh5 1-0

[Event "2nd President's Cup"]
[Site "Baku AZE"]
[Date "2007.05.10"]
[Round "8"]
[White "Shukurova,M"]
[Black "Avdeyeva,V"]
[Result "0-1"]
[WhiteElo "2193"]
[BlackElo "2020"]
[EventDate "2007.05.03"]

1. c4 e5 2. Nc3 Nf6 3. g3 d5 4. cxd5 Nxd5 5. Bg2 Be6 6. Nf3 Nc6 7. O-O Be7
8. d3 Qd7 9. Bd2 h5 10. h4 f6 11. Nxd5 Bxd5 12. Qa4 g5 13. Rfc1 gxh4 14.
Nxh4 Bxg2 15. Kxg2 Rg8 16. Qe4 O-O-O 17. Rh1 Nd4 18. Nf3 Rg4 19. Qe3 Qd5
20. Rac1 h4 21. Rh3 Bc5 22. Rc3 Bb6 23. Qh6 hxg3 24. fxg3 Nxe2 25. Qxf6
Rdg8 0-1

[Event "2nd President's Cup"]
[Site "Baku AZE"]
[Date "2007.05.11"]
[Round "9"]
[White "Van Wely,L"]
[Black "Guseinov,G"]
[Result "1-0"]
[WhiteElo "2674"]
[BlackElo "2586"]
[EventDate "2007.05.03"]

1. d4 Nf6 2. c4 g6 3. Nc3 Bg7 4. e4 d6 5. Nf3 O-O 6. Be2 Bg4 7. Be3 Nfd7 8.
Rc1 c5 9. d5 a6 10. a4 b5 11. cxb5 axb5 12. axb5 Nb6 13. O-O N8d7 14. Qb3
Ra5 15. Ra1 Qa8 16. Ra3 Rxa3 17. bxa3 Qa5 18. Rc1 Ra8 19. Nb1 Qa4 20. Qc2
Qxc2 21. Rxc2 f5 22. h3 fxe4 23. hxg4 exf3 24. gxf3 Nxd5 25. Bc1 N5b6 26.
f4 d5 27. Kg2 c4 28. Bd2 Rc8 29. Bb4 e6 30. Nd2 Bf8 31. Nf3 Bc5 32. Bxc5
Nxc5 33. Nd4 Ra8 34. Rc3 g5 35. fxg5 e5 36. Nc6 Re8 37. Re3 e4 38. Kg3 Ne6
39. f3 Kg7 40. Bd1 Ra8 41. Bc2 Nd7 42. a4 Ndc5 43. Ra3 d4 44. Bxe4 c3 45.
Bb1 Rxa4 46. Rxa4 Nxa4 47. f4 Nac5 48. Ne5 Nc7 49. b6 N7a6 50. f5 Nb4 51.
f6+ Kg8 52. b7 Nxb7 53. Bxh7+ Kxh7 54. g6+ Kh6 55. f7 Kg7 1-0

[Event "2nd President's Cup"]
[Site "Baku AZE"]
[Date "2007.05.11"]
[Round "9"]
[White "Savchenko,S"]
[Black "Balogh,C"]
[Result "1/2-1/2"]
[WhiteElo "2545"]
[BlackElo "2617"]
[EventDate "2007.05.03"]

1. Nf3 Nf6 2. c4 e6 3. d4 b6 4. g3 Ba6 5. b3 Bb4+ 6. Bd2 Bxd2+ 7. Qxd2 c6
8. Nc3 d5 9. e4 Nxe4 10. Nxe4 dxe4 11. Ng5 Nd7 12. Nxe4 Nf6 13. Bg2 Nxe4
14. Bxe4 Bb7 15. O-O O-O 16. Rfd1 Qf6 17. Qe3 Rad8 18. Rd2 Rd7 19. Rad1
Rfd8 20. h4 g6 21. b4 b5 22. c5 h5 23. Kg2 Kg7 24. Bc2 Re8 25. Qg5 Red8 26.
f4 Rd5 27. Qxf6+ Kxf6 28. Bb3 R5d7 29. Kf3 a5 30. bxa5 Ra8 31. g4 hxg4+ 32.
Kxg4 Bc8 33. Kf3 Rxa5 34. h5 gxh5 35. Rh1 Rd8 36. Rxh5 Rg8 37. Rh6+ Rg6 38.
Rh8 Bd7 39. Rdh2 Rg7 40. Rf8 Ke7 1/2-1/2

[Event "2nd President's Cup"]
[Site "Baku AZE"]
[Date "2007.05.11"]
[Round "9"]
[White "Fedorov,Alex"]
[Black "Mamedjarova,Z"]
[Result "1-0"]
[WhiteElo "2611"]
[BlackElo "2354"]
[EventDate "2007.05.03"]

1. e4 d6 2. d4 Nf6 3. f3 g6 4. c4 Bg7 5. Nc3 O-O 6. Nge2 c5 7. d5 e6 8. Bg5
Qa5 9. Ng3 exd5 10. cxd5 Nbd7 11. Be2 b5 12. Qd2 b4 13. Nd1 Ba6 14. Ne3
Rfc8 15. a3 Bxe2 16. Nxe2 Qb5 17. O-O a5 18. Rac1 Nb6 19. Rc2 Ne8 20. f4
Nf6 21. Ng3 c4 22. Bxf6 Bxf6 23. e5 dxe5 24. Ne4 Bg7 25. fxe5 Bxe5 26. Ng4
f5 27. Rxf5 gxf5 28. Nxe5 Rc7 29. Nf6+ Kh8 30. Qh6 Rg7 31. Ng6+ 1-0

[Event "2nd President's Cup"]
[Site "Baku AZE"]
[Date "2007.05.11"]
[Round "9"]
[White "Morchiashvili,B"]
[Black "Mamedov,Nid"]
[Result "1/2-1/2"]
[WhiteElo "2396"]
[BlackElo "2547"]
[EventDate "2007.05.03"]

1. c4 Nf6 2. Nc3 g6 3. g3 Bg7 4. Bg2 O-O 5. Nf3 d6 6. O-O Nc6 7. Rb1 e5 8.
b4 a6 9. a4 Re8 10. d3 e4 11. dxe4 Nxe4 12. Nxe4 Rxe4 13. b5 axb5 14. axb5
Na5 15. Bg5 Qe8 16. Nd2 Rxe2 17. Be4 Bg4 18. f3 Rxe4 19. Nxe4 Qxe4 20. fxe4
Bxd1 21. Rbxd1 Nxc4 22. Rc1 Ra4 23. Bf6 c6 24. bxc6 bxc6 25. Bxg7 Kxg7 26.
Rfd1 c5 27. Rd5 h5 28. e5 Nxe5 29. Rxd6 Ra2 30. h4 c4 31. Rd5 f6 32. Rc5
Nf3+ 33. Kf1 Nd2+ 34. Kg1 Nf3+ 35. Kf1 Ne5 36. R1xc4 Nxc4 37. Rxc4 Kf7 38.
Rc6 Rd2 1/2-1/2

[Event "2nd President's Cup"]
[Site "Baku AZE"]
[Date "2007.05.11"]
[Round "9"]
[White "Sadvakasov,D"]
[Black "Shengelia,D"]
[Result "1/2-1/2"]
[WhiteElo "2618"]
[BlackElo "2523"]
[EventDate "2007.05.03"]

1. e4 c5 2. Nf3 d6 3. d4 cxd4 4. Nxd4 Nf6 5. Nc3 Nc6 6. Bg5 e6 7. Qd2 Be7
8. O-O-O O-O 9. f4 Nxd4 10. Qxd4 Qa5 11. e5 dxe5 12. Qxe5 b5 13. Bd3 Bb7
14. Qxb5 Qxb5 15. Nxb5 Bxg2 16. Rhg1 Bf3 17. Rdf1 Bh5 18. f5 exf5 19. Nd4
Bg6 20. Nxf5 Bc5 21. Rg3 Nh5 22. Rg4 Rfe8 23. b4 Bf8 24. Kb2 Kh8 25. a4 h6
26. Bd2 Nf6 27. Rd4 Red8 28. Rxd8 Rxd8 29. Kb3 Ng4 30. Bc3 f6 31. h3 Ne5
32. Bxe5 fxe5 33. a5 Bf7+ 34. Bc4 Bxc4+ 35. Kxc4 g6 36. Ng3 Rd4+ 37. Kb5
Rxb4+ 38. Ka6 Bc5 39. c3 Rh4 40. Kb5 Be3 41. Rf3 Bd2 42. Rd3 Bg5 43. Rd7
Be3 44. c4 a6+ 45. Kxa6 Rxc4 46. Kb5 Rh4 47. a6 Kg8 48. a7 Bxa7 49. Rxa7
Rxh3 50. Ne4 Rf3 51. Kc5 Rf7 52. Ra6 Kg7 53. Kd6 h5 54. Ke6 h4 55. Nd6 Rf1
56. Ra4 g5 57. Kxe5 Kg6 58. Ra6 g4 59. Ne4+ Kg7 60. Ra7+ Kg6 61. Ra8 Kg7
62. Ra7+ Kg6 1/2-1/2

[Event "2nd President's Cup"]
[Site "Baku AZE"]
[Date "2007.05.11"]
[Round "9"]
[White "Zubarev,Al1"]
[Black "Burmakin,V"]
[Result "1/2-1/2"]
[WhiteElo "2511"]
[BlackElo "2593"]
[EventDate "2007.05.03"]

1. e4 c6 2. d4 d5 3. Nc3 dxe4 4. Nxe4 Bf5 5. Ng3 Bg6 6. h4 h6 7. Nf3 Nd7 8.
h5 Bh7 9. Bd3 Bxd3 10. Qxd3 e6 11. Bf4 Qa5+ 12. Bd2 Qc7 13. O-O-O O-O-O 14.
Kb1 Ngf6 15. Ne4 c5 16. Nxf6 Nxf6 17. Qa3 Kb8 18. Qa4 c4 19. Ne5 Rc8 20. c3
Bd6 21. Rde1 a6 22. f4 Nd5 23. g4 Rhe8 24. Rhf1 f6 25. Ng6 Qf7 26. Ne5 Qc7
27. Ng6 Ka7 28. f5 Qf7 29. Qc2 Qd7 30. Qe4 Nc7 31. Bf4 exf5 32. Qxf5 Qxf5+
33. gxf5 Rxe1+ 34. Rxe1 Re8 35. Rg1 Bxf4 36. Nxf4 Re4 37. Ne6 Nxe6 1/2-1/2

[Event "2nd President's Cup"]
[Site "Baku AZE"]
[Date "2007.05.11"]
[Round "9"]
[White "Rustemov,A"]
[Black "Gasanov,E"]
[Result "0-1"]
[WhiteElo "2557"]
[BlackElo "2486"]
[EventDate "2007.05.03"]

1. d4 Nf6 2. Nf3 e6 3. c4 b6 4. Nc3 Bb7 5. a3 g6 6. Bg5 Bg7 7. Qd3 h6 8.
Bh4 d6 9. e4 g5 10. Bg3 Nh5 11. O-O-O Nd7 12. Be2 Qe7 13. Nb5 Ndf6 14. d5
Nxg3 15. hxg3 Ng4 16. Rhf1 O-O 17. Nbd4 Rac8 18. Kb1 a6 19. Qd2 Nf6 20. Bd3
Nd7 21. Bc2 c5 22. Ne2 g4 23. Nh4 Ne5 24. Bb3 b5 25. f4 gxf3 26. Nxf3 bxc4
27. Nxe5 cxb3 28. Nc4 exd5 29. exd5 Bxd5 30. Nxd6 Rcd8 31. Qxd5 Qxe2 32.
Qd2 Qe5 33. Rf2 Rd7 34. Qf4 Rxd6 0-1

[Event "2nd President's Cup"]
[Site "Baku AZE"]
[Date "2007.05.11"]
[Round "9"]
[White "Paichadze,L"]
[Black "Shanava,K"]
[Result "1/2-1/2"]
[WhiteElo "2392"]
[BlackElo "2532"]
[EventDate "2007.05.03"]

1. e4 c5 2. b3 a6 3. Bb2 Nc6 4. c4 e6 5. Nf3 Nge7 6. Be2 d5 7. exd5 exd5 8.
d4 Nxd4 9. Nxd4 cxd4 10. Qxd4 Nc6 11. Qe3+ Be7 12. cxd5 Nb4 13. O-O O-O 14.
Qg3 Bf6 15. Bxf6 Qxf6 16. Qc3 Re8 17. Qxf6 gxf6 18. Nc3 Bf5 19. d6 Rac8 20.
Bc4 b5 21. Nd5 Nxd5 22. Bxd5 Rcd8 23. Rfd1 Re2 24. h3 Kg7 25. Bb7 a5 26.
Rd4 b4 27. Bc6 Rc2 28. Ba4 Be6 29. Bb5 f5 30. a3 Rc3 31. axb4 axb4 32. Bc4
Bxc4 33. bxc4 b3 34. Rb1 Kf6 35. d7 Ke7 36. Re1+ Kf8 37. Rb1 Ke7 38. Re1+
Kf8 1/2-1/2

[Event "2nd President's Cup"]
[Site "Baku AZE"]
[Date "2007.05.11"]
[Round "9"]
[White "Khotenashvili,B"]
[Black "Miezis,N"]
[Result "1-0"]
[WhiteElo "2301"]
[BlackElo "2521"]
[EventDate "2007.05.03"]

1. Nf3 c5 2. c4 g6 3. g3 Bg7 4. Bg2 Nc6 5. Nc3 e5 6. d3 Nge7 7. O-O O-O 8.
Rb1 d6 9. a3 a5 10. Bg5 f6 11. Bd2 Be6 12. Ne1 d5 13. cxd5 Nxd5 14. Nc2 Rf7
15. Ne3 Nxe3 16. Bxe3 Nd4 17. b4 axb4 18. axb4 c4 19. Ne4 Ra2 20. Bxd4 exd4
21. Nc5 Bg4 22. dxc4 b6 23. Nb7 Qd7 24. c5 Bxe2 25. c6 Qc7 26. Qxd4 Bxf1
27. Rxf1 f5 28. Qd8+ Qxd8 29. Nxd8 Ra8 30. c7 Rxc7 31. Bxa8 Rd7 32. Ne6 Bc3
33. b5 Kf7 34. Nf4 Rd2 35. Bd5+ Kf6 36. Re1 g5 37. Re6+ Kg7 38. Ne2 Bb4 39.
Bc4 Bc5 40. Kf1 h5 1-0